|
|
|
|
| LEADER |
00000cam a2200000 7i4500 |
| 001 |
0000002975 |
| 005 |
20040521.0 |
| 090 |
0 |
0 |
|a RP 634.973
|b SET 1954
|
| 100 |
1 |
0 |
|a SETTEN
|h G. G. K.
|
| 245 |
1 |
4 |
|a The height of buttress structure on trees of meranti sarang punai, shorea parvifolia. Dyer
|c by G. G. K. Setten
|
| 260 |
0 |
0 |
|a Kuala Lumpur :
|b Forest Research Institute ,
|c 1954
|
| 300 |
|
|
|a (5) p. ;
|c 34 cm.
|
| 440 |
0 |
0 |
|a Research pamphlet ; no. 8
|
| 650 |
0 |
0 |
|a Meranti
|z Malaysia
|
| 650 |
0 |
0 |
|a Shorea
|z Malaysia
|
| 998 |
|
|
|a JPSM
|
| 999 |
|
|
|a 0000005244
|b Monograph
|c Open Shelf
|e Default branch
|